LIBRARY & INFORMATION CENTRE, KCAET, TAVANUR

ONLINE PUBLIC ACCESS CATALOGUE (OPAC)

Pests pathogens and vegetation / (Record no. 1469)

MARC details
000 -LEADER
fixed length control field 00461cam a2200181ua 4500
020 ## - INTERNATIONAL STANDARD BOOK NUMBER
ISBN 0-273-08498-4
041 ## - LANGUAGE CODE
Language code of text/sound track or separate title eng
082 ## - DEWEY DECIMAL CLASSIFICATION NUMBER
Classification number 632.7
Item number THR/PE
100 ## - MAIN ENTRY--AUTHOR NAME
Personal name Thresh, J.M .
245 00 - TITLE STATEMENT
Title Pests pathogens and vegetation /
250 ## - EDITION STATEMENT
Edition statement 1 /
260 ## - PUBLICATION, DISTRIBUTION, ETC. (IMPRINT)
Place of publication :
Name of publisher Pitman advanced publishing program ,
Year of publication 1981.
300 ## - PHYSICAL DESCRIPTION
Number of Pages 517 ; .
942 ## - ADDED ENTRY ELEMENTS (KOHA)
Koha item type Books
Holdings
Withdrawn status Lost status Damaged status Home library Current library Date acquired Full call number Accession Number Koha item type
      KAUAET KAUAET 11/11/1987 632.7 16376 Books
free website counter